000 00856nam a2200253Ia 4500
003 OSt
005 20220923215927.0
006 a|||||r|||| 00| 0
007 ta
008 220922b |||||||| |||| 00| 0 hin d
024 _a182,910
037 _cTextual
040 _aARTS
_cARTS
_bhin
041 _2hin
_ahin
082 _aO152jN15, L5
100 _aसुमन, क्षेमचन्द्र, संपा.
245 0 _aआत्म शिल्पी कमलेश
246 _aĀtma shilpī kamalesha
260 _aदिल्ली
_b बंसल एण्ड कम्पनी
_c1975
300 _a300 पृ.
_ccm.
650 _aहिन्दी साहित्य
_9156264
942 _hO152jN15, L5
_cTEXL
_2CC
999 _c336266
_d336266